Ako nezaspať dobu v ére obnoviteľných energií
Tradiční dominantní producenti ropy a zemného plynu sa musia prispôsobiť novým trendom a diverzifikovať svoje ekonomiky. Prepad cien čierneho zlata na svetových trhoch núti významných producentov ako je Nórsko a Saudská Arábia zbavovať sa svojej závislosti od petrodolárových príjmov. Nórsko v kategó...
Uložené v:
| Hlavný autor: | |
|---|---|
| Médium: | Kapitola |
| Jazyk: | Slovak |
| Predmet: | |
| Tagy: |
Žiadne tagy, Buďte prvý, kto otaguje tento záznam!
|
MARC
| LEADER | 00000naa a2200000 4500 | ||
|---|---|---|---|
| 001 | 0235952 | ||
| 005 | 20221104112514.6 | ||
| 041 | 0 | |a slo | |
| 044 | |a SK | ||
| 245 | 1 | 0 | |a Ako nezaspať dobu v ére obnoviteľných energií |c Adrian Peter Pressburg |
| 520 | |a Tradiční dominantní producenti ropy a zemného plynu sa musia prispôsobiť novým trendom a diverzifikovať svoje ekonomiky. Prepad cien čierneho zlata na svetových trhoch núti významných producentov ako je Nórsko a Saudská Arábia zbavovať sa svojej závislosti od petrodolárových príjmov. Nórsko v kategórii producentov zemného plynu je svetovou šestkou a prekonáva ôsmu Saudskú Arábiu. Význam investičných fondov v obidvoch krajinách. Ambiciózny projekt diverzifikácie hospodárstva Vízia 2030. | ||
| 610 | 2 | 0 | |a energetika |
| 610 | 2 | 0 | |a ropa |
| 610 | 2 | 0 | |a plyn zemný |
| 610 | 2 | 0 | |a zdroje energie obnoviteľné |
| 610 | 2 | 0 | |a investície finančné |
| 610 | 2 | 0 | |a diverzifikácia |
| 610 | 2 | 0 | |a Nórsko |
| 610 | 2 | 0 | |a Saudská Arábia |
| 100 | 1 | |a Pressburg, Adrian Peter | |